[Event "Winterfest"]
[Site "SchemingMind.com"]
[Date "2024.01.21"]
[Round "-"]
[White "Goz"]
[Black "Phillip Beckett"]
[Result "1-0"]
[WhiteCountry "ENG"]
[BlackCountry "ENG"]
[WhiteElo "1468"]
[WhiteRD "77"]
[BlackElo "1461"]
[BlackRD "52"]
[GameID "741559"]

1. d4 d5 2. Nf3 Nf6 3. Nbd2 e6 4. c3 Be7 5. Qc2 c5 6. e3 Nc6 7. b3 Bd7 8. Bd3 Rc8 9. O-O O-O 10. a4 cxd4
11. exd4 Nb4 12. Qb1 Nxd3 13. Qxd3 a6 14. Ba3 Bxa3 15. Rxa3 Qc7 16. b4 Rfd8 17. Ne5 Be8 18. c4 dxc4 19. Nexc4 b5 20. axb5 axb5
21. Ne5 Qc2 22. Rfa1 Qxd3 23. Rxd3 Rc2 24. h3 Nd7 25. Ndf3 Nxe5 26. Nxe5 f6 27. Nf3 Rc4 28. Rb1 e5 29. d5 Bc6 30. d6 Bxf3
31. gxf3 Rxb4 32. Rxb4
1-0

[Event "Winterfest"]
[Site "SchemingMind.com"]
[Date "2024.01.20"]
[Round "-"]
[White "Phillip Beckett"]
[Black "kenneth m day"]
[Result "1/2-1/2"]
[WhiteCountry "ENG"]
[BlackCountry "USA"]
[WhiteElo "1461"]
[WhiteRD "52"]
[BlackElo "1690"]
[BlackRD "59"]
[GameID "741560"]

1. e4 e5 2. Nf3 Nc6 3. Bb5 Nf6 4. O-O Nxe4 5. Qe2 Ng5 6. Bxc6 bxc6 7. Nxg5 Qxg5 8. d4 Qe7 9. dxe5 d6 10. Bf4 g6
11. Nc3 Bg7 12. exd6 Qxe2 13. Nxe2 cxd6 14. c3 Kd7 15. Rad1 d5 16. Nd4 Re8 17. Rfe1 Bb7 18. Kf1 Rad8 19. Rxe8 Rxe8 20. Re1 Ba6+
21. Ne2 h6 22. f3 g5 23. Bd2 f5 24. Kf2 Bf8 25. Nd4 Rxe1 26. Kxe1 f4 27. g3 fxg3 28. hxg3 Bd3 29. Kf2 c5 30. Ne2 Kd6
31. Nc1 Bb5 32. Ne2 Be7 33. Ng1 a5 34. Nh3 Bd7 35. Ng1 Bf6 36. Ne2 Bb5=
1/2-1/2

[Event "Winterfest"]
[Site "SchemingMind.com"]
[Date "2024.01.20"]
[Round "-"]
[White "kenneth m day"]
[Black "Phillip Beckett"]
[Result "1-0"]
[WhiteCountry "USA"]
[BlackCountry "ENG"]
[WhiteElo "1690"]
[WhiteRD "59"]
[BlackElo "1461"]
[BlackRD "52"]
[GameID "741561"]

1. e4 e5 2. f4 Qh4+ 3. g3 Qe7 4. d3 exf4 5. Bxf4 d5 6. Nc3 c6 7. Qe2 dxe4 8. Nxe4 Bf5 9. Bg2 Bxe4 10. Bxe4 Nf6
11. Bg5 h6 12. Bxf6 gxf6 13. O-O-O Nd7 14. Re1 Nc5 15. Bf5 Qxe2 16. Rxe2+ Be7 17. Nf3 Ne6 18. Bxe6 fxe6 19. Rxe6 Kf7 20. Rhe1 Bc5
21. d4 Bb6 22. Re7+ Kg6 23. c3 c5 24. Rxb7 cxd4 25. Nxd4 Rac8 26. Nf3 Rhe8 27. Rbe7 Rxe7 28. Rxe7 Bd8 29. Rxa7 Bb6 30. Rd7 Rc5
31. g4 h5 32. gxh5+ Kxh5 33. Rd6 Bc7 34. Rxf6 Ra5 35. a3 Rd5 36. Kc2 Be5 37. Rf5+
1-0

[Event "Winterfest"]
[Site "SchemingMind.com"]
[Date "2024.01.20"]
[Round "-"]
[White "Phillip Beckett"]
[Black "Robert Hatfield"]
[Result "0-1"]
[WhiteCountry "ENG"]
[BlackCountry "USA"]
[WhiteElo "1461"]
[WhiteRD "52"]
[BlackElo "1770"]
[BlackRD "64"]
[GameID "741562"]

1. e4 e5 2. Nf3 Nc6 3. Bb5 Bc5 4. c3 Nf6 5. d3 h6 6. O-O O-O 7. h3 d6 8. Nbd2 Bd7 9. b4 Bb6 10. a4 a6
11. Bxc6 Bxc6 12. a5 Ba7 13. Re1 Qd7 14. Nf1 Rfe8 15. Be3 Bxe3 16. Nxe3 Rad8 17. Nf5 d5 18. exd5 Qxd5 19. Ne3 Qxd3 20. Qxd3 Rxd3
21. Rac1 Bxf3 22. gxf3 Red8 23. Red1 Rxd1+ 24. Rxd1 Rxd1+ 25. Nxd1 Nd5 26. Kg2 Kf8 27. Kg3 Ke7 28. Kg4 Kd6 29. Kf5 Ne7+ 30. Ke4 f5+
31. Kd3 g5 32. Ne3 Ke6 33. Nc4 Ng6 34. Na3 Nf4+ 35. Kc4 Nxh3 36. b5 Nxf2 37. bxa6 bxa6 38. Nb5 axb5+ 39. Kxb5 Kd7 40. a6 Kc8
41. Kc6 Kb8 42. a7+ Kxa7 43. Kxc7 Nd3 44. c4 h5 45. Kd6 e4 46. fxe4 fxe4
0-1

[Event "Winterfest"]
[Site "SchemingMind.com"]
[Date "2024.01.19"]
[Round "-"]
[White "Robert Hatfield"]
[Black "Phillip Beckett"]
[Result "1-0"]
[WhiteCountry "USA"]
[BlackCountry "ENG"]
[WhiteElo "1770"]
[WhiteRD "64"]
[BlackElo "1461"]
[BlackRD "52"]
[GameID "741563"]

1. e4 e5 2. Nf3 Nc6 3. Nc3 Nf6 4. Bb5 Nd4 5. Ba4 Nxf3+ 6. Qxf3 Be7 7. d3 c6 8. Bg5 d6 9. O-O h6 10. Bxf6 Bxf6
11. Ne2 a5 12. c3 b5 13. Bc2 O-O 14. Rad1 Bg5 15. d4 exd4 16. cxd4 Qf6 17. e5 dxe5 18. Qe4 g6 19. dxe5 Qf5 20. Qxc6 Qxe5
21. Qxa8 Qxe2 22. Qc6 Bg4 23. Rfe1 Qc4 24. Qxc4 bxc4 25. Rd4 Be6 26. Rxe6 fxe6 27. Rxc4 Rd8 28. f4 Bf6 29. Kf2 Rd2+ 30. Kf3 Bxb2
31. Bxg6 Rd4 32. Rxd4 Bxd4 33. Ke4= Bf6 34. Be8 Kf8 35. Bb5 Ke7 36. g4 Bb2 37. h4 Kf6 38. g5+ hxg5 39. fxg5+ Kf7 40. Kf4 Kg6
41. Kg4 Bg7 42. Bd3+ Kf7 43. h5 Bc3 44. Bc4 Ke7 45. h6 e5 46. g6 e4 47. g7
1-0

[Event "Winterfest"]
[Site "SchemingMind.com"]
[Date "2024.01.20"]
[Round "-"]
[White "Phillip Beckett"]
[Black "Manchenko Ivan"]
[Result "0-1"]
[WhiteCountry "ENG"]
[BlackCountry "RUS"]
[WhiteElo "1499"]
[WhiteRD "52"]
[BlackElo "1919"]
[BlackRD "108"]
[GameID "741564"]

1. e4 e5 2. Nf3 Nc6 3. Bb5 a6 4. Bxc6 dxc6 5. d4 exd4 6. Qxd4 Qxd4 7. Nxd4 Bd7 8. Be3 O-O-O 9. Nd2 Ne7 10. f3 Re8
11. O-O-O Ng6 12. Nc4 c5 13. Nb3 Bb5 14. Na3 c4 15. Nd4 Bxa3 16. bxa3 h5 17. Nxb5 axb5 18. Rhe1 h4 19. Bc5 h3 20. Rd5 hxg2
21. Rg1 Rxh2 22. Rg5 Re5 23. Rxe5 Nxe5 24. f4 Nf3
0-1

[Event "Winterfest"]
[Site "SchemingMind.com"]
[Date "2024.01.20"]
[Round "-"]
[White "Manchenko Ivan"]
[Black "Phillip Beckett"]
[Result "0-1"]
[WhiteCountry "RUS"]
[BlackCountry "ENG"]
[WhiteElo "1686"]
[WhiteRD "105"]
[BlackElo "1484"]
[BlackRD "54"]
[GameID "741565"]

1. d4 d5 2. c4 e6 3. g3 Nf6 4. Bg2 c6 5. Nf3 Nbd7 6. O-O Be7 7. Qc2 O-O 8. Nbd2 dxc4 9. Nxc4 Nb6 10. Nce5 Nbd5
11. e4 Nb6 12. Bf4 Nh5 13. Bd2 Bd6 14. b4 Nf6 15. a4 Bxe5 16. Nxe5 Nbd7 17. Bg5 h6 18. Nxd7 Bxd7 19. Be3 Qb6 20. Rfb1 Qc7
21. a5 e5 22. d5 Rfc8 23. Rc1 Qd6 24. Bc5 Qb8 25. d6 b6 26. axb6 axb6 27. Rxa8 Qxa8 28. Bxb6 Qb7 29. Bc5 Ra8 30. Qc3 Ra2
31. Qxe5 Qc8 32. Qc3 Qa6 33. Bd4 Ra3
0-1